[Event "Rhein Main op-A 17th"]
[Site "Bad Homburg"]
[Date "2014.06.20"]
[Round "4"]
[White "Gehlhar, Michael"]
[Black "Stierle, Martin"]
[Result "0-1"]
[WhiteElo "1844"]
[BlackElo "1907"]
[PlyCount "62"]
[EventDate "2014.06.18"]
[EventType "swiss"]
[EventRounds "7"]
[EventCountry "GER"]
[SourceTitle "CBM 161 Extra"]
[Source "ChessBase"]
[SourceDate "2014.08.29"]
[SourceVersion "1"]
[SourceVersionDate "2014.08.29"]
[SourceQuality "1"]

1. d4 Nf6 2. c4 c5 3. d5 b5 4. cxb5 a6 5. bxa6 g6 6. Nc3 Bxa6 7. e4 Bxf1 8. Kxf1 d6 9. Nge2 Bg7 10. f3 Nbd7 11. g3 0-0 12. Kg2 Ra6 13. Rf1 Qa8 14. Nf4 Rb8 15. Rf2 Nb6 16. Qd3 Nfd7 17. Rc2 Na4 18. Qd2 Rab6 19. Nfe2 Nxc3 20. Nxc3 Qa5 21. Nd1 Qa6 22. Qe2 Qa8 23. Qd2 Ne5 24. Qe2 Rb4 25. Be3 f5 26. exf5 Qxd5 27. a3 Rb3 28. fxg6 hxg6 29. Nc3 Qc4 30. Re1 Nd3 31. Nd1 Nxe1+ 0-1

[Event "Goch op 24th"]
[Site "Goch"]
[Date "2013.09.08"]
[Round "6"]
[White "Gross, Karl"]
[Black "Gehlhar, Michael"]
[Result "1/2-1/2"]
[WhiteElo "2081"]
[BlackElo "1838"]
[PlyCount "48"]
[EventDate "2013.09.05"]
[EventType "swiss"]
[EventRounds "7"]
[EventCountry "GER"]
[SourceTitle "EXT 2015"]
[Source "ChessBase"]
[SourceDate "2014.11.20"]
[SourceVersion "1"]
[SourceVersionDate "2014.11.20"]
[SourceQuality "1"]

1. e4 c6 2. d4 d5 3. Bd3 dxe4 4. Bxe4 Nf6 5. Bf3 Bf5 6. Ne2 e6 7. Ng3 Be7 8. 0-0 Bg6 9. c4 0-0 10. Nc3 Qc7 11. Be3 Nbd7 12. Re1 Nb6 13. Qb3 Rad8 14. a4 Bd3 15. Be2 Bxe2 16. Ncxe2 Nc8 17. Rac1 Qd7 18. h3 h6 19. Qc2 Bd6 20. Rcd1 Ne7 21. Qc1 Ng6 22. h4 Ng4 23. h5 Nxe3 24. Qxe3 Ne7 1/2-1/2

[Event "Goch op 24th"]
[Site "Goch"]
[Date "2013.09.05"]
[Round "1"]
[White "Lenaerts, Lennert"]
[Black "Gehlhar, Michael"]
[Result "1-0"]
[WhiteElo "2146"]
[BlackElo "1838"]
[PlyCount "63"]
[EventDate "2013.09.05"]
[EventType "swiss"]
[EventRounds "7"]
[EventCountry "GER"]
[SourceTitle "EXT 2015"]
[Source "ChessBase"]
[SourceDate "2014.11.20"]
[SourceVersion "1"]
[SourceVersionDate "2014.11.20"]
[SourceQuality "1"]

1. d4 f5 2. c4 g6 3. Nc3 Nf6 4. g3 Bg7 5. Bg2 d6 6. Nf3 0-0 7. 0-0 Qe8 8. d5 Na6 9. Nd4 Nc5 10. Qc2 e5 11. dxe6 c6 12. Rd1 Nxe6 13. Nxe6 Qxe6 14. b3 Re8 15. Ba3 Rd8 16. Rac1 Ne8 17. Rd3 Qf6 18. Rcd1 Bf8 19. Qd2 Be6 20. f4 d5 21. e4 fxe4 22. Nxe4 Qf7 23. Ng5 Qd7 24. Nxe6 Qxe6 25. Re1 Qf7 26. Bh3 Kh8 27. Be6 Qc7 28. f5 gxf5 29. Bxf5 Bg7 30. Rde3 Bf6 31. Bb2 Ng7 32. Re7 1-0

[Event "Goch op 23rd"]
[Site "Goch"]
[Date "2012.09.01"]
[Round "5"]
[White "Priebe, Bernhard"]
[Black "Gehlhar, Michael"]
[Result "1/2-1/2"]
[WhiteElo "1515"]
[BlackElo "1846"]
[PlyCount "140"]
[EventDate "2012.08.30"]
[EventType "swiss"]
[EventRounds "7"]
[EventCountry "GER"]
[SourceTitle "EXT 2015"]
[Source "ChessBase"]
[SourceDate "2014.11.20"]
[SourceVersion "1"]
[SourceVersionDate "2014.11.20"]
[SourceQuality "1"]

1. d4 f5 2. c4 Nf6 3. Nc3 g6 4. Bg5 Bg7 5. Nf3 0-0 6. Qb3 d6 7. Rd1 h6 8. Bxf6 Bxf6 9. e4 e6 10. e5 Bg7 11. Be2 Na6 12. c5 d5 13. Bxa6 bxa6 14. c6 Qe8 15. Qa4 Rb8 16. 0-0 Rb6 17. Qa5 Rxc6 18. Rc1 Rf7 19. Ne2 Rxc1 20. Rxc1 Qb5 21. Qd2 Bf8 22. a3 Kh7 23. Rc3 a5 24. Qc2 Ba6 25. Kf1 Kg8 26. Ke1 g5 27. h3 Qd7 28. Ng3 Bg7 29. Nh5 Qb5 30. Nh2 Qd7 31. g4 f4 32. Nf3 Qb5 33. Nh2 Qd7 34. a4 Qd8 35. b3 Qb8 36. Nf3 Qb4 37. Kd1 Qa3 38. Rc6 Qa1+ 39. Qc1 Qxc1+ 40. Rxc1 Bf1 41. Ng1 Bf8 42. Nf6+ Rxf6 43. exf6 Bd6 44. Kc2 Ba6 45. Kb2 Kf7 46. Nf3 Kxf6 47. Ne5 Bxe5 48. dxe5+ Kxe5 49. Re1+ Kd6 50. Kc3 c5 51. Kd2 e5 52. h4 e4 53. hxg5 hxg5 54. Rh1 Bc8 55. Rh5 Bxg4 56. Rxg5 Be6 57. Rg7 Ke5 58. Rxa7 Kd4 59. Rxa5 e3+ 60. fxe3+ fxe3+ 61. Ke1 c4 62. bxc4 Kxc4 63. Ra6 Bg4 64. Rf6 d4 65. Rc6+ Kd5 66. Rg6 Bf3 67. Rf6 Ke4 68. Re6+ Kd5 69. Rf6 Ke4 70. Re6+ Kd5 1/2-1/2

[Event "Goch op 23rd"]
[Site "Goch"]
[Date "2012.08.31"]
[Round "2"]
[White "Gehlhar, Michael"]
[Black "Rudi, Erwin"]
[Result "1/2-1/2"]
[WhiteElo "1846"]
[BlackElo "1385"]
[PlyCount "25"]
[EventDate "2012.08.30"]
[EventType "swiss"]
[EventRounds "7"]
[EventCountry "GER"]
[SourceTitle "EXT 2015"]
[Source "ChessBase"]
[SourceDate "2014.11.20"]
[SourceVersion "1"]
[SourceVersionDate "2014.11.20"]
[SourceQuality "1"]

1. d4 Nf6 2. c4 e6 3. Nf3 d5 4. g3 b6 5. Bg2 Bb7 6. 0-0 Nbd7 7. cxd5 exd5 8. Nc3 Be7 9. Bg5 h6 10. Bxf6 Nxf6 11. Rc1 0-0 12. Ne5 Re8 13. Nd3 1/2-1/2

[Event "Goch op 23rd"]
[Site "Goch"]
[Date "2012.08.31"]
[Round "3"]
[White "May, Alexander"]
[Black "Gehlhar, Michael"]
[Result "1/2-1/2"]
[WhiteElo "1448"]
[BlackElo "1846"]
[PlyCount "28"]
[EventDate "2012.08.30"]
[EventType "swiss"]
[EventRounds "7"]
[EventCountry "GER"]
[SourceTitle "EXT 2015"]
[Source "ChessBase"]
[SourceDate "2014.11.20"]
[SourceVersion "1"]
[SourceVersionDate "2014.11.20"]
[SourceQuality "1"]

1. d4 f5 2. c4 Nf6 3. Nc3 g6 4. g3 Bg7 5. Bg2 0-0 6. Nf3 d6 7. 0-0 a5 8. Qc2 Qe8 9. d5 Na6 10. a3 e5 11. dxe6 c6 12. Re1 Qxe6 13. b3 Nh5 14. Bb2 Nc5 1/2-1/2

[Event "Goch op 23rd"]
[Site "Goch"]
[Date "2012.08.30"]
[Round "1"]
[White "Rosenberger, Frank"]
[Black "Gehlhar, Michael"]
[Result "1-0"]
[WhiteElo "2167"]
[BlackElo "1846"]
[PlyCount "121"]
[EventDate "2012.08.30"]
[EventType "swiss"]
[EventRounds "7"]
[EventCountry "GER"]
[SourceTitle "EXT 2015"]
[Source "ChessBase"]
[SourceDate "2014.11.20"]
[SourceVersion "1"]
[SourceVersionDate "2014.11.20"]
[SourceQuality "1"]

1. e4 c6 2. d4 d5 3. exd5 cxd5 4. Bd3 Nc6 5. c3 Nf6 6. Bf4 Qb6 7. Qb3 Qxb3 8. axb3 g6 9. b4 Bg7 10. b5 Nd8 11. Nf3 0-0 12. 0-0 Ne6 13. Be5 Nd7 14. Bxg7 Kxg7 15. Re1 Re8 16. Nbd2 Nc7 17. Ra2 Nb6 18. Rea1 f6 19. Rxa7 Bd7 20. Nb3 Reb8 21. Nc5 Bxb5 22. Bxb5 Nxb5 23. Rxa8 Nxa8 24. Kf1 Nac7 25. Ke2 Kf7 26. Kd3 Nd6 27. Nd2 b6 28. Ncb3 Rb7 29. Nc1 e6 30. Ne2 b5 31. b3 Ke7 32. Nc1 Kf7 33. Ra5 Ke7 34. Na2 Kd7 35. Nb4 Kc8 36. f3 Kd7 37. g3 Kc8 38. Nf1 Kd7 39. Ne3 Ke7 40. Ng4 Nde8 41. Kd2 Kd6 42. Nf2 Ke7 43. Nfd3 Kd6 44. Nc5 Rb8 45. Ra7 Ra8 46. Rb7 Ra1 47. Rb6+ Ke7 48. Nc6+ Kf8 49. Nd8 Ke7 50. Ndxe6 Nxe6 51. Rxe6+ Kf7 52. Rb6 Ra2+ 53. Kd3 Rxh2 54. Rxb5 Rh3 55. Rb7+ Kg8 56. Ke3 Rxg3 57. Kf2 Rg5 58. Ne6 Rf5 59. Rb8 Kf7 60. Rxe8 Kxe8 61. Ng7+ 1-0

[Event "Rhein Main op-A 14th"]
[Site "Bad Homburg"]
[Date "2011.06.22"]
[Round "1"]
[White "Pflaum, Stefan"]
[Black "Gehlhar, Michael"]
[Result "1-0"]
[WhiteElo "2099"]
[BlackElo "1877"]
[PlyCount "51"]
[EventDate "2011.06.22"]
[EventType "swiss"]
[EventRounds "7"]
[EventCountry "GER"]
[SourceTitle "EXT 2012"]
[Source "ChessBase"]
[SourceDate "2011.11.24"]
[SourceVersion "1"]
[SourceVersionDate "2011.11.24"]
[SourceQuality "1"]

1. d4 f5 2. Nf3 Nf6 3. g3 g6 4. Bg2 Bg7 5. 0-0 0-0 6. c4 d6 7. Nc3 Na6 8. Re1 c6 9. e4 fxe4 10. Nxe4 Bg4 11. Neg5 Qd7 12. h3 Bxf3 13. Nxf3 Rae8 14. Bd2 e6 15. Bc3 Re7 16. h4 Nc7 17. Ng5 Rfe8 18. Bh3 Qd8 19. Qd3 Nh5 20. Bg4 Nf6 21. Bh3 Nh5 22. Bg4 Nf6 23. Bf3 c5 24. dxc5 dxc5 25. Qxd8 Rxd8 26. Bxb7 1-0

[Event "Rhein Main op 13th"]
[Site "Bad Homburg"]
[Date "2010.06.04"]
[Round "4"]
[White "Bokemaer, Artur"]
[Black "Gehlhar, Michael"]
[Result "1/2-1/2"]
[WhiteElo "1430"]
[BlackElo "1896"]
[PlyCount "21"]
[EventDate "2010.06.02"]
[EventType "swiss"]
[EventRounds "7"]
[EventCountry "GER"]
[SourceTitle "EXT 2011"]
[Source "ChessBase"]
[SourceDate "2010.11.26"]
[SourceVersion "1"]
[SourceVersionDate "2010.11.26"]
[SourceQuality "1"]

1. d4 f5 2. c4 g6 3. Nc3 Nf6 4. Bg5 Bg7 5. e3 0-0 6. h4 h6 7. Bf4 d6 8. Be2 Kh7 9. Nh3 Qe8 10. h5 g5 11. Bg3 1/2-1/2

[Event "Rhein Main op 13th"]
[Site "Bad Homburg"]
[Date "2010.06.03"]
[Round "3"]
[White "Gehlhar, Michael"]
[Black "Mager, Denis"]
[Result "1/2-1/2"]
[WhiteElo "1896"]
[BlackElo "1607"]
[PlyCount "52"]
[EventDate "2010.06.02"]
[EventType "swiss"]
[EventRounds "7"]
[EventCountry "GER"]
[SourceTitle "EXT 2011"]
[Source "ChessBase"]
[SourceDate "2010.11.26"]
[SourceVersion "1"]
[SourceVersionDate "2010.11.26"]
[SourceQuality "1"]

1. d4 Nf6 2. Nf3 g6 3. g3 Bg7 4. Bg2 0-0 5. 0-0 d5 6. Nc3 c6 7. Re1 Ne4 8. Bf4 Nd7 9. Nxe4 dxe4 10. Ng5 Nf6 11. Be5 Bf5 12. c3 Qd5 13. Qb3 b5 14. e3 h6 15. Nh3 g5 16. Rec1 Be6 17. Qc2 Bf5 18. Bxf6 Bxf6 19. Kh1 Qe6 20. Ng1 Bg7 21. c4 Rac8 22. b4 Bg6 23. Bf1 a6 24. a4 Qd7 25. axb5 axb5 26. Ra5 Rb8 1/2-1/2

[Event "Goch op 20th"]
[Site "Goch"]
[Date "2009.10.04"]
[Round "7"]
[White "Gehlhar, Michael"]
[Black "Fuchs, Willy"]
[Result "1/2-1/2"]
[WhiteElo "1940"]
[BlackElo "1828"]
[PlyCount "31"]
[EventDate "2009.10.01"]
[EventType "swiss"]
[EventRounds "7"]
[EventCountry "GER"]
[SourceTitle "EXT 2011"]
[Source "ChessBase"]
[SourceDate "2010.11.26"]
[SourceVersion "1"]
[SourceVersionDate "2010.11.26"]
[SourceQuality "1"]

1. d4 d5 2. c4 e6 3. Nf3 Be7 4. g3 Nf6 5. Bg2 0-0 6. 0-0 b6 7. Nbd2 Bb7 8. e3 Nbd7 9. b3 c5 10. Bb2 Rc8 11. cxd5 Bxd5 12. Rc1 cxd4 13. Nxd4 Bxg2 14. Kxg2 Rxc1 15. Qxc1 Nc5 16. Qe1 1/2-1/2

[Event "Goch op 20th"]
[Site "Goch"]
[Date "2009.10.02"]
[Round "2"]
[White "Gehlhar, Michael"]
[Black "Koehler, Markus"]
[Result "0-1"]
[WhiteElo "1940"]
[BlackElo "2128"]
[PlyCount "38"]
[EventDate "2009.10.01"]
[EventType "swiss"]
[EventRounds "7"]
[EventCountry "GER"]
[SourceTitle "EXT 2011"]
[Source "ChessBase"]
[SourceDate "2010.11.26"]
[SourceVersion "1"]
[SourceVersionDate "2010.11.26"]
[SourceQuality "1"]

1. d4 Nf6 2. c4 g6 3. Nf3 d6 4. g3 Bg7 5. Bg2 0-0 6. 0-0 Nbd7 7. Nbd2 c6 8. Qc2 Re8 9. e4 e5 10. d5 cxd5 11. cxd5 a5 12. Re1 Nc5 13. h3 Bd7 14. b3 Rc8 15. Qd1 Nd3 16. Ba3 Nxe1 17. Nxe1 Bb5 18. Nc2 Bh6 19. Bb2 Be2 0-1

[Event "Rhein Main op 12th"]
[Site "Bad Homburg"]
[Date "2009.06.14"]
[Round "7"]
[White "Gehlhar, Michael"]
[Black "Schlattmann, Martin"]
[Result "1/2-1/2"]
[WhiteElo "1939"]
[BlackElo "1730"]
[PlyCount "23"]
[EventDate "2009.06.10"]
[EventType "swiss"]
[EventRounds "7"]
[EventCountry "GER"]
[SourceTitle "CBM 131 Extra"]
[Source "ChessBase"]
[SourceDate "2009.09.03"]
[SourceVersion "2"]
[SourceVersionDate "2009.09.16"]
[SourceQuality "1"]

1. d4 Nf6 2. c4 g6 3. Nf3 Bg7 4. g3 0-0 5. Bg2 d6 6. 0-0 Nbd7 7. Nbd2 e5 8. d5 a5 9. Qc2 Nh5 10. e4 Nc5 11. Nb3 Nd7 12. Bg5 1/2-1/2

[Event "Goch op 19th"]
[Site "Goch"]
[Date "2008.10.09"]
[Round "1"]
[White "Podzielny, Karl Heinz"]
[Black "Gehlhar, Michael"]
[Result "1-0"]
[WhiteElo "2431"]
[BlackElo "1947"]
[PlyCount "65"]
[EventDate "2008.10.09"]
[EventType "swiss"]
[EventRounds "7"]
[EventCountry "GER"]
[SourceTitle "EXT 2011"]
[Source "ChessBase"]
[SourceDate "2010.11.26"]
[SourceVersion "1"]
[SourceVersionDate "2010.11.26"]
[SourceQuality "1"]

1. d4 f5 2. g3 Nf6 3. Bg2 g6 4. h4 h6 5. Nh3 d6 6. d5 Bg7 7. Nf4 Kf7 8. Nc3 c6 9. e4 Qb6 10. exf5 Bxf5 11. Qe2 Nbd7 12. a4 a5 13. Ne6 Rae8 14. Ra3 Qa6 15. Qxa6 bxa6 16. Nxg7 Kxg7 17. dxc6 Ne5 18. Rb3 Rc8 19. Rb6 Bxc2 20. Rxa6 Bf5 21. Ra7 Rhe8 22. c7 Nd3+ 23. Ke2 Nc5 24. Be3 Bd3+ 25. Kd2 Bc4 26. Bxc5 dxc5 27. Bc6 Rf8 28. Re1 e6 29. Nb5 Nd5 30. Bxd5 Bxd5 31. Nd6 Rxf2+ 32. Re2 Rxe2+ 33. Kxe2 1-0

[Event "Goch op 18th"]
[Site "Goch"]
[Date "2007.10.06"]
[Round "4"]
[White "Densing, Gerd"]
[Black "Gehlhar, Michael"]
[Result "1/2-1/2"]
[WhiteElo "1882"]
[BlackElo "1682"]
[PlyCount "26"]
[EventDate "2007.10.04"]
[EventType "swiss"]
[EventRounds "7"]
[EventCountry "GER"]
[SourceTitle "EXT 2011"]
[Source "ChessBase"]
[SourceDate "2010.11.26"]
[SourceVersion "1"]
[SourceVersionDate "2010.11.26"]
[SourceQuality "1"]

1. d4 f5 2. Nf3 Nf6 3. Bg5 e6 4. Bxf6 Qxf6 5. e3 d5 6. Ne5 Nd7 7. f4 Nxe5 8. dxe5 Qh4+ 9. g3 Qd8 10. Bg2 c6 11. c3 Qb6 12. Qd2 Bc5 13. Ke2 a5 1/2-1/2

[Event "Goch op 18th"]
[Site "Goch"]
[Date "2007.10.04"]
[Round "1"]
[White "Gehlhar, Michael"]
[Black "Ydo, Pim"]
[Result "1/2-1/2"]
[WhiteElo "1682"]
[BlackElo "2120"]
[PlyCount "31"]
[EventDate "2007.10.04"]
[EventType "swiss"]
[EventRounds "7"]
[EventCountry "GER"]
[SourceTitle "EXT 2011"]
[Source "ChessBase"]
[SourceDate "2010.11.26"]
[SourceVersion "1"]
[SourceVersionDate "2010.11.26"]
[SourceQuality "1"]

1. Nf3 d5 2. c4 c6 3. g3 Nf6 4. b3 g6 5. Bb2 Bg7 6. Bg2 0-0 7. 0-0 Bf5 8. d4 Nbd7 9. Nbd2 Ne4 10. Nh4 Nxd2 11. Qxd2 Be6 12. Rac1 Nf6 13. e3 Qd7 14. cxd5 cxd5 15. Rc2 Rfc8 16. Rfc1 1/2-1/2

[Event "Frankfurt-ch"]
[Site "Frankfurt"]
[Date "2006.06.12"]
[Round "7"]
[White "Fischer, Arthur"]
[Black "Gehlhar, Michael"]
[Result "1-0"]
[WhiteElo "1858"]
[BlackElo "1661"]
[PlyCount "55"]
[EventDate "2006.04.24"]
[EventType "swiss"]
[EventRounds "7"]
[EventCountry "GER"]
[SourceTitle "EXT 2007"]
[Source "ChessBase"]
[SourceDate "2006.11.23"]
[SourceVersion "1"]
[SourceVersionDate "2006.11.23"]
[SourceQuality "1"]

1. e4 c6 2. d4 d5 3. exd5 cxd5 4. c4 Nf6 5. Nc3 Nc6 6. c5 Bf5 7. Nf3 e6 8. Bb5 a6 9. Bxc6+ bxc6 10. Ne5 Qc7 11. Bf4 Qb7 12. Qb3 Qc8 13. Qa4 Nh5 14. Be3 Nf6 15. Qxc6+ Qxc6 16. Nxc6 Ng4 17. Bf4 Kd7 18. Na5 f6 19. Na4 e5 20. Nb6+ Ke6 21. Nxa8 exf4 22. Nc7+ Kd7 23. Nxd5 Nh6 24. 0-0 f3 25. gxf3 Bg6 26. Rac1 Nf5 27. c6+ Ke8 28. c7 1-0

[Event "Frankfurt-ch"]
[Site "Frankfurt"]
[Date "2005.06.06"]
[Round "6"]
[White "Gehlhar, Michael"]
[Black "Krueger, Till"]
[Result "1/2-1/2"]
[WhiteElo "1647"]
[BlackElo "1877"]
[PlyCount "88"]
[EventDate "2005.04.25"]
[EventType "swiss"]
[EventRounds "7"]
[EventCountry "GER"]
[SourceTitle "EXT 2006"]
[Source "ChessBase"]
[SourceDate "2005.11.24"]
[SourceVersion "1"]
[SourceVersionDate "2005.11.24"]
[SourceQuality "1"]

1. Nf3 d6 2. g3 g6 3. Bg2 Bg7 4. c4 c5 5. 0-0 Nc6 6. Nc3 Nf6 7. d3 0-0 8. e4 Rb8 9. Nh4 a6 10. f4 Ng4 11. Ne2 e6 12. h3 Nh6 13. Nf3 f5 14. Rb1 Qc7 15. Ng5 Bd7 16. b3 Nd4 17. Bb2 e5 18. Qd2 Rbe8 19. Nc3 Bc6 20. Nd5 Qd8 21. Bxd4 exd4 22. b4 Bxd5 23. cxd5 fxe4 24. Bxe4 Qf6 25. bxc5 dxc5 26. Rxb7 Nf5 27. Kh2 Ne3 28. Rf3 Qd6 29. Qc1 Nxd5 30. Qc4 Rf5 31. Bxd5+ Qxd5 32. Qxd5+ Rxd5 33. Rc7 Re1 34. Kg2 Re8 35. Kf1 h6 36. Ne4 Rf5 37. Nd6 Rb8 38. Nxf5 Rb1+ 39. Kg2 gxf5 40. Rxc5 Rd1 41. Ra5 Bf8 42. Rxa6 Bb4 43. a4 Rd2+ 44. Kf1 Rd1+ 1/2-1/2

[Event "Frankfurt-ch"]
[Site "Frankfurt"]
[Date "2005.04.25"]
[Round "1"]
[White "Benninger, Rudolf"]
[Black "Gehlhar, Michael"]
[Result "1-0"]
[WhiteElo "1985"]
[BlackElo "1647"]
[PlyCount "55"]
[EventDate "2005.04.25"]
[EventType "swiss"]
[EventRounds "7"]
[EventCountry "GER"]
[SourceTitle "EXT 2006"]
[Source "ChessBase"]
[SourceDate "2005.11.24"]
[SourceVersion "1"]
[SourceVersionDate "2005.11.24"]
[SourceQuality "1"]

1. e4 d6 2. d4 g6 3. Be3 Nf6 4. Nc3 Bg7 5. Qd2 c6 6. Nf3 Nbd7 7. 0-0-0 b5 8. Bd3 b4 9. Ne2 a5 10. Bh6 0-0 11. h3 Ba6 12. Bxg7 Kxg7 13. g4 Bxd3 14. Qxd3 Qc7 15. Ng3 Nb6 16. g5 Nfd7 17. h4 d5 18. h5 a4 19. Rh4 Nc4 20. Rdh1 Rh8 21. e5 e6 22. Nd2 Nxd2 23. Kxd2 c5 24. c3 cxd4 25. cxd4 Rac8 26. Ne2 Qd8 27. hxg6 Qxg5+ 28. f4 1-0